[Event "Battle of Alberta"]
[Site "Red Deer CAN"]
[Date "2013.09.07"]
[Round "2.10"]
[White "Shi, Diwen"]
[Black "Ottosen, David"]
[Result "1-0"]
[WhiteElo "1892"]
[BlackElo "2118"]
[PlyCount "55"]
[GameId "2160767909229503"]
[EventDate "2013.09.07"]
[EventType "team-match"]
[EventRounds "2"]
[EventCountry "CAN"]
[SourceTitle "EXT 2022"]
[Source "ChessBase"]
[SourceDate "2021.10.06"]
[SourceVersion "1"]
[SourceVersionDate "2021.10.06"]
[SourceQuality "1"]

1. e4 e6 2. d4 d5 3. Nc3 Nf6 4. Bg5 Be7 5. e5 Nfd7 6. h4 a6 7. Qg4 f5 8. Qg3 c5 9. Nf3 Nc6 10. dxc5 Nxc5 11. Be2 b5 12. a3 Qc7 13. Bf4 Kf8 14. Rd1 Ne4 15. Nxe4 dxe4 16. Ng5 Nd8 17. Rd2 Nf7 18. Bh5 g6 19. Nxh7+ Rxh7 20. Qxg6 Rxh5 21. Qxh5 Bb7 22. Qg6 Qc6 23. h5 Rd8 24. Bh6+ Nxh6 25. Qxh6+ Kf7 26. Qh7+ Ke8 27. Qg8+ Bf8 28. Qg6+ 1-0

[Event "Battle of Alberta"]
[Site "Red Deer CAN"]
[Date "2013.09.07"]
[Round "2.11"]
[White "Kalisvaart, Peter"]
[Black "Daniluk, Jim"]
[Result "0-1"]
[WhiteElo "2096"]
[BlackElo "1951"]
[PlyCount "70"]
[GameId "2160767909229504"]
[EventDate "2013.09.07"]
[EventType "team-match"]
[EventRounds "2"]
[EventCountry "CAN"]
[SourceTitle "EXT 2022"]
[Source "ChessBase"]
[SourceDate "2021.10.06"]
[SourceVersion "1"]
[SourceVersionDate "2021.10.06"]
[SourceQuality "1"]

1. b4 e6 2. Bb2 Nf6 3. b5 c5 4. e3 Be7 5. f4 O-O 6. Nf3 Qc7 7. Be2 d6 8. O-O Rd8 9. a4 b6 10. a5 bxa5 11. Bc3 Nbd7 12. Bxa5 Nb6 13. Na3 Bb7 14. c4 Rac8 15. Nc2 e5 16. Bc3 exf4 17. Rxa7 Ra8 18. Rxa8 Bxa8 19. exf4 d5 20. Be5 Qb7 21. cxd5 Nfxd5 22. Nfe1 f6 23. Bb2 Qd7 24. Na3 c4 25. Nxc4 Qxb5 26. Qc1 Rc8 27. d3 Nxc4 28. dxc4 Qc5+ 29. Kh1 Ne3 30. Rg1 Nxc4 31. Bg4 f5 32. Bf3 Be4 33. Bxe4 fxe4 34. Qa1 Nxb2 35. Qxb2 Qc4 0-1

[Event "Battle of Alberta"]
[Site "Red Deer CAN"]
[Date "2013.09.07"]
[Round "2.12"]
[White "Gold, Itohan"]
[Black "Willis, Bradley"]
[Result "1-0"]
[WhiteElo "2032"]
[BlackElo "2029"]
[PlyCount "50"]
[GameId "2160767909229505"]
[EventDate "2013.09.07"]
[EventType "team-match"]
[EventRounds "2"]
[EventCountry "CAN"]
[SourceTitle "EXT 2022"]
[Source "ChessBase"]
[SourceDate "2021.10.06"]
[SourceVersion "1"]
[SourceVersionDate "2021.10.06"]
[SourceQuality "1"]

1. e4 e5 2. Nf3 Nc6 3. d4 exd4 4. Nxd4 Nf6 5. Nxc6 bxc6 6. e5 Qe7 7. Qe2 Nd5 8. c4 Ba6 9. Qe4 Nb6 10. Nd2 Qe6 11. b3 Bb4 12. f4 f5 13. Qf3 O-O 14. a3 Bc5 15. Bb2 Bb7 16. b4 Be7 17. c5 Nd5 18. Bc4 d6 19. cxd6 cxd6 20. O-O dxe5 21. Bxe5 Qd7 22. Qb3 Kh8 23. Rad1 a5 24. Nf3 axb4 25. axb4 Bxb4 1-0

[Event "British Columbia Day op"]
[Site "Vancouver CAN"]
[Date "2013.08.03"]
[Round "1"]
[White "Leblanc, Paul"]
[Black "Pechisker, Alfred"]
[Result "0-1"]
[WhiteElo "2040"]
[BlackElo "2287"]
[PlyCount "70"]
[GameId "2160767909296878"]
[EventDate "2013.08.03"]
[EventType "swiss"]
[EventRounds "6"]
[EventCountry "CAN"]
[SourceTitle "EXT 2022"]
[Source "ChessBase"]
[SourceDate "2021.10.06"]
[SourceVersion "1"]
[SourceVersionDate "2021.10.06"]
[SourceQuality "1"]

1. d4 Nf6 2. c4 c5 3. d5 e6 4. Nc3 exd5 5. cxd5 d6 6. e4 g6 7. h3 Bg7 8. Nf3 O-O 9. Bd3 Re8 10. O-O Na6 11. Bf4 c4 12. Bc2 Nc5 13. Re1 b5 14. Nd4 a6 15. a3 Qb6 16. Be3 Bb7 17. f3 Nfd7 18. f4 Re7 19. Qf3 Rae8 20. Rad1 Qc7 21. Bf2 f5 22. Bh4 Nf6 23. exf5 Rxe1+ 24. Bxe1 Nxd5 25. Bf2 Ne3 26. Qg3 Nxd1 27. Bxd1 Qf7 28. Bc2 Ne4 29. fxg6 hxg6 30. Nxe4 Bxe4 31. Bd1 Qd5 32. Qe3 Kf7 33. Bf3 Bxf3 34. Qxf3 Qxf3 35. Nxf3 Bxb2 0-1

[Event "British Columbia Day op"]
[Site "Vancouver CAN"]
[Date "2013.08.03"]
[Round "1"]
[White "Rodriguez, Carlos"]
[Black "Chan, James"]
[Result "0-1"]
[WhiteElo "2162"]
[BlackElo "2167"]
[PlyCount "86"]
[GameId "2160767909296879"]
[EventDate "2013.08.03"]
[EventType "swiss"]
[EventRounds "6"]
[EventCountry "CAN"]
[SourceTitle "EXT 2022"]
[Source "ChessBase"]
[SourceDate "2021.10.06"]
[SourceVersion "1"]
[SourceVersionDate "2021.10.06"]
[SourceQuality "1"]

1. c4 c6 2. Nc3 d5 3. cxd5 cxd5 4. d4 Nf6 5. Nf3 Nc6 6. e3 g6 7. Be2 Bg7 8. O-O O-O 9. Ne5 e6 10. f4 Nd7 11. b3 f6 12. Nf3 Qa5 13. Bd2 a6 14. h4 Qd8 15. h5 f5 16. hxg6 hxg6 17. Ng5 Nf6 18. Qe1 Nh7 19. Nxh7 Kxh7 20. g4 Rh8 21. Kg2 Kg8 22. Qg3 Qh4 23. Qxh4 Rxh4 24. Kg3 Rh7 25. Na4 b5 26. Nb6 Rb8 27. Nxc8 Rxc8 28. a4 Rb8 29. axb5 axb5 30. Ra6 Nd8 31. Ba5 Nb7 32. Bb4 Nd8 33. Be7 Nb7 34. Bb4 Nd8 35. Ra5 Nc6 36. Bd6 Rd8 37. Bc7 Rc8 38. Rxb5 Rxc7 39. Rc1 Bf8 40. Rb6 Nxd4 41. Rxc7 Nxe2+ 42. Kf2 Rxc7 43. Kxe2 Kf7 0-1

[Event "British Columbia Day op"]
[Site "Vancouver CAN"]
[Date "2013.08.03"]
[Round "1"]
[White "Su, Michael"]
[Black "Sohal, Tanraj"]
[Result "0-1"]
[WhiteElo "1850"]
[BlackElo "2230"]
[PlyCount "72"]
[GameId "2160767909296880"]
[EventDate "2013.08.03"]
[EventType "swiss"]
[EventRounds "6"]
[EventCountry "CAN"]
[SourceTitle "EXT 2022"]
[Source "ChessBase"]
[SourceDate "2021.10.06"]
[SourceVersion "1"]
[SourceVersionDate "2021.10.06"]
[SourceQuality "1"]

1. d4 d5 2. Nf3 e6 3. e3 c5 4. b3 Nf6 5. Bd3 Nc6 6. Bb2 Qc7 7. a3 Bd6 8. O-O O-O 9. c4 cxd4 10. exd4 Ne4 11. Nc3 Nxc3 12. Bxc3 Be7 13. Bb2 Bf6 14. Rc1 dxc4 15. Rxc4 Qd6 16. Ne5 Ne7 17. f4 g6 18. Qf3 Rb8 19. Rfc1 Nd5 20. g4 Bg7 21. Be4 f6 22. Nd3 Nb6 23. Rc7 Nd5 24. Bxd5 exd5 25. Nb4 Be6 26. f5 Bf7 27. Kg2 Bh6 28. R1c5 Rfe8 29. h4 Re3 30. Qf2 Rbe8 31. Rc2 a5 32. Na2 Bf4 33. R7c3 gxf5 34. gxf5 Bh5 35. Rxe3 Rxe3 36. Nc3 Rg3+ 0-1

[Event "British Columbia Day op"]
[Site "Vancouver CAN"]
[Date "2013.08.03"]
[Round "1"]
[White "Villavieja, Butch"]
[Black "Pulfer, Luke"]
[Result "1-0"]
[WhiteElo "2230"]
[BlackElo "1754"]
[PlyCount "51"]
[GameId "2160767909296881"]
[EventDate "2013.08.03"]
[EventType "swiss"]
[EventRounds "6"]
[EventCountry "CAN"]
[SourceTitle "EXT 2022"]
[Source "ChessBase"]
[SourceDate "2021.10.06"]
[SourceVersion "1"]
[SourceVersionDate "2021.10.06"]
[SourceQuality "1"]

1. d4 d5 2. e4 e6 3. Nc3 Be7 4. e5 c5 5. Qg4 Bf8 6. dxc5 Qc7 7. Nf3 Ne7 8. Nb5 Qxc5 9. Nd6+ Kd7 10. Nxf7 Rg8 11. Bd3 g6 12. Be3 Qc7 13. Nd4 Qa5+ 14. Bd2 Qb6 15. Nd6 Qxb2 16. O-O h5 17. Qxe6+ Kd8 18. Nxc8 Qxd4 19. Nxe7 Rg7 20. Nxd5 Nc6 21. Bg5+ Be7 22. Qd6+ Ke8 23. Bxe7 Qxe5 24. Nc7+ Kf7 25. Bc4+ Qd5 26. Bxd5# 1-0

[Event "British Columbia Day op"]
[Site "Vancouver CAN"]
[Date "2013.08.03"]
[Round "2"]
[White "Chan, James"]
[Black "Cheng, Jack"]
[Result "0-1"]
[WhiteElo "2167"]
[BlackElo "2250"]
[PlyCount "84"]
[GameId "2160767909296882"]
[EventDate "2013.08.03"]
[EventType "swiss"]
[EventRounds "6"]
[EventCountry "CAN"]
[SourceTitle "EXT 2022"]
[Source "ChessBase"]
[SourceDate "2021.10.06"]
[SourceVersion "1"]
[SourceVersionDate "2021.10.06"]
[SourceQuality "1"]

1. e4 e5 2. Nf3 Nc6 3. Bb5 a6 4. Ba4 Nf6 5. O-O b5 6. Bb3 Bb7 7. d3 Be7 8. Nc3 d6 9. a3 O-O 10. Re1 Na5 11. Ba2 c5 12. Bg5 Qd7 13. Qd2 Nc6 14. Ne2 h6 15. Bxf6 Bxf6 16. Ng3 Ne7 17. Nh5 Kh7 18. h3 Ng6 19. Rad1 Be7 20. g4 Nh4 21. Qe3 f5 22. gxf5 Rxf5 23. Nxh4 Rxh5 24. Nf5 g6 25. Ng3 Rxh3 26. Kg2 Bg5 27. Qe2 Rf8 28. Rh1 Rxh1 29. Rxh1 Bc8 30. Bd5 Qg4 31. f3 Qf4 32. c3 Bh4 33. Nf1 Qg5+ 34. Kh2 Bg4 35. fxg4 Rf2+ 36. Qxf2 Bxf2 37. Kg2 Bh4 38. Ng3 Qxg4 39. Rh3 Bg5 40. Bb7 a5 41. Ba6 h5 42. Kh2 Bf4 0-1

[Event "British Columbia Day op"]
[Site "Vancouver CAN"]
[Date "2013.08.03"]
[Round "2"]
[White "Pechisker, Alfred"]
[Black "Villavieja, Butch"]
[Result "1/2-1/2"]
[WhiteElo "2287"]
[BlackElo "2230"]
[PlyCount "120"]
[GameId "2160767909296883"]
[EventDate "2013.08.03"]
[EventType "swiss"]
[EventRounds "6"]
[EventCountry "CAN"]
[SourceTitle "EXT 2022"]
[Source "ChessBase"]
[SourceDate "2021.10.06"]
[SourceVersion "1"]
[SourceVersionDate "2021.10.06"]
[SourceQuality "1"]

1. d4 Nf6 2. c4 g6 3. Nc3 Bg7 4. e4 d6 5. f3 O-O 6. Bg5 Nc6 7. Nge2 a6 8. d5 Na5 9. Nd4 c5 10. Nc2 h6 11. Be3 e6 12. Qd2 exd5 13. exd5 Re8 14. Bd3 b5 15. cxb5 c4 16. Be2 axb5 17. O-O Bf5 18. Nb4 h5 19. Bf2 Kh7 20. Rae1 Bd7 21. Qf4 Bh6 22. Qd4 Rc8 23. g4 Nb7 24. h4 Bg7 25. Qf4 hxg4 26. fxg4 Rxe2 27. Rxe2 Bxg4 28. Nc6 Qf8 29. Re7 Nd8 30. Ra7 Bd7 31. Nxd8 Rxd8 32. Bd4 Bf5 33. Nxb5 Nxd5 34. Qg5 Rb8 35. Rxf5 gxf5 36. Bxg7 Qxg7 37. Qxg7+ Kxg7 38. Nxd6 Rxb2 39. Rxf7+ Kg8 40. Rxf5 c3 41. Rxd5 c2 42. Rc5 Rb1+ 43. Kg2 c1=Q 44. Rxc1 Rxc1 45. Kg3 Ra1 46. Kg4 Rxa2 47. Kg5 Kh7 48. Nf5 Ra5 49. Kf6 Ra1 50. Kg5 Rg1+ 51. Kf6 Rg2 52. Ke5 Kg6 53. Nd4 Rf2 54. Ke4 Kh5 55. Ke3 Rf8 56. Nf3 Kg4 57. Ne5+ Kf5 58. Nf3 Re8+ 59. Kf2 Kg4 60. Nd4 Kxh4 1/2-1/2

[Event "British Columbia Day op"]
[Site "Vancouver CAN"]
[Date "2013.08.03"]
[Round "2"]
[White "Sohal, Tanraj"]
[Black "Shao, Nathan"]
[Result "1-0"]
[WhiteElo "2230"]
[BlackElo "1602"]
[PlyCount "107"]
[GameId "2160767909296884"]
[EventDate "2013.08.03"]
[EventType "swiss"]
[EventRounds "6"]
[EventCountry "CAN"]
[SourceTitle "EXT 2022"]
[Source "ChessBase"]
[SourceDate "2021.10.06"]
[SourceVersion "1"]
[SourceVersionDate "2021.10.06"]
[SourceQuality "1"]

1. d4 d5 2. c4 c6 3. cxd5 cxd5 4. Bf4 Bf5 5. Nc3 e6 6. e3 a6 7. Rc1 Nf6 8. Nf3 Bd6 9. Bxd6 Qxd6 10. Qb3 b5 11. Bxb5+ Nbd7 12. Bxd7+ Nxd7 13. Na4 O-O 14. O-O Rab8 15. Qc3 Rfc8 16. Nc5 f6 17. Qa3 Rc6 18. Nxd7 Qxd7 19. Nd2 Bc2 20. b3 Rbc8 21. Rfe1 Bd3 22. Rc5 e5 23. b4 e4 24. Nb3 Rb6 25. Rec1 Rcb8 26. Rc7 Qd8 27. Ra7 Bc4 28. Na5 Qd6 29. g3 Qxb4 30. Qxb4 Rxb4 31. Nxc4 Rc8 32. Rxa6 dxc4 33. Rc3 Kf7 34. a3 Rb3 35. Rxb3 cxb3 36. Rb6 Rc3 37. a4 Rc4 38. Rxb3 Rxa4 39. Rb7+ Kg6 40. Kg2 Ra5 41. h3 h5 42. g4 h4 43. Re7 f5 44. gxf5+ Rxf5 45. Rxe4 Rh5 46. Kf3 Kf6 47. Kg4 Rh8 48. Re5 Kg6 49. Rg5+ Kf7 50. Rh5 Re8 51. Kxh4 Kf6 52. Rc5 Re4+ 53. Kg3 g5 54. Re5 1-0

[Event "British Columbia Day op"]
[Site "Vancouver CAN"]
[Date "2013.08.03"]
[Round "2"]
[White "Soliven, Joe"]
[Black "Leblanc, Paul"]
[Result "0-1"]
[WhiteElo "2036"]
[BlackElo "2040"]
[PlyCount "80"]
[GameId "2160767909296885"]
[EventDate "2013.08.03"]
[EventType "swiss"]
[EventRounds "6"]
[EventCountry "CAN"]
[SourceTitle "EXT 2022"]
[Source "ChessBase"]
[SourceDate "2021.10.06"]
[SourceVersion "1"]
[SourceVersionDate "2021.10.06"]
[SourceQuality "1"]

1. c4 c6 2. g3 d5 3. Bg2 Nf6 4. Qc2 g6 5. b3 Bg7 6. Bb2 O-O 7. Nf3 Nbd7 8. O-O Re8 9. cxd5 cxd5 10. Ne5 Nxe5 11. Bxe5 Bf5 12. d3 Rc8 13. Qb2 Qd7 14. Nd2 Bh3 15. Rac1 Bxg2 16. Kxg2 Rc6 17. Rxc6 bxc6 18. Rc1 Rc8 19. b4 Ne8 20. f4 Bxe5 21. fxe5 Ng7 22. Nf3 Nf5 23. h3 h5 24. Qd2 d4 25. Rc5 Ne3+ 26. Kf2 Qxh3 27. Nxd4 Ng4+ 28. Kf3 Qf1+ 29. Ke4 f5+ 30. exf6 exf6 31. Nf3 Re8+ 32. Kd4 Rxe2 33. Qf4 Qf2+ 34. Kc3 Rc2+ 35. Kb3 Rb2+ 36. Ka3 Rxa2+ 37. Kb3 Qb2+ 38. Kc4 Qc2+ 39. Kd4 Qf2+ 40. Kc4 Ne3+ 0-1

[Event "British Columbia Day op"]
[Site "Vancouver CAN"]
[Date "2013.08.04"]
[Round "3"]
[White "Cheng, Jack"]
[Black "Sohal, Tanraj"]
[Result "0-1"]
[WhiteElo "2250"]
[BlackElo "2230"]
[PlyCount "96"]
[GameId "2160767909296886"]
[EventDate "2013.08.03"]
[EventType "swiss"]
[EventRounds "6"]
[EventCountry "CAN"]
[SourceTitle "EXT 2022"]
[Source "ChessBase"]
[SourceDate "2021.10.06"]
[SourceVersion "1"]
[SourceVersionDate "2021.10.06"]
[SourceQuality "1"]

1. e4 e6 2. d4 d5 3. e5 c5 4. c3 Qb6 5. Nf3 Nc6 6. Be2 cxd4 7. cxd4 Nh6 8. b3 Nf5 9. Bb2 Bb4+ 10. Kf1 O-O 11. Bd3 f6 12. Bxf5 exf5 13. a3 Be7 14. Kg1 Be6 15. Nc3 fxe5 16. Na4 Qb5 17. Nc3 Qb6 18. Na4 Qa6 19. dxe5 d4 20. Rc1 Qb5 21. b4 b6 22. h3 Rfd8 23. Kh2 a5 24. Qc2 Rdc8 25. Qd1 axb4 26. Nxd4 Nxd4 27. Rxc8+ Bxc8 28. Qxd4 Rxa4 29. e6 Bf6 30. Qd6 Qc5 31. Qd1 Qc7+ 32. g3 Ra7 33. Qd5 Qe7 34. Bxf6 gxf6 35. Re1 bxa3 36. Qc6 Qc5 37. Qe8+ Kg7 38. Re2 Re7 39. Qd8 Rxe6 40. Rd2 Qf8 41. Qc7+ Re7 42. Qxb6 Be6 43. Rd8 Qf7 44. Ra8 a2 45. Qd4 Bd5 46. Ra5 Re1 47. g4 Qc7+ 48. f4 Qxa5 0-1

[Event "British Columbia Day op"]
[Site "Vancouver CAN"]
[Date "2013.08.04"]
[Round "3"]
[White "Leblanc, Paul"]
[Black "Rodriguez, Carlos"]
[Result "0-1"]
[WhiteElo "2040"]
[BlackElo "2162"]
[PlyCount "72"]
[GameId "2160767909296887"]
[EventDate "2013.08.03"]
[EventType "swiss"]
[EventRounds "6"]
[EventCountry "CAN"]
[SourceTitle "EXT 2022"]
[Source "ChessBase"]
[SourceDate "2021.10.06"]
[SourceVersion "1"]
[SourceVersionDate "2021.10.06"]
[SourceQuality "1"]

1. d4 Nf6 2. c4 d5 3. Nf3 c6 4. g3 dxc4 5. a4 Bf5 6. Na3 Qd5 7. Bg2 Be4 8. O-O e6 9. Nb1 Bb4 10. Bd2 a5 11. Bc3 O-O 12. Nbd2 Bxc3 13. bxc3 Nbd7 14. Nxe4 Nxe4 15. Qc2 f5 16. Rab1 b5 17. Rfe1 Rfb8 18. Nd2 Ndf6 19. f3 Nxd2 20. Qxd2 bxa4 21. e4 fxe4 22. fxe4 Qd7 23. Qa2 Rb3 24. Rxb3 axb3 25. Qa4 c5 26. Qxc4 cxd4 27. Qxb3 dxc3 28. Qxc3 Qa7+ 29. Qe3 a4 30. Qxa7 Rxa7 31. Ra1 a3 32. Ra2 Kf7 33. Kf1 Ng4 34. Bf3 Nxh2+ 35. Kf2 Nxf3 36. Kxf3 Kf6 0-1

[Event "British Columbia Day op"]
[Site "Vancouver CAN"]
[Date "2013.08.04"]
[Round "3"]
[White "Villavieja, Butch"]
[Black "Chan, James"]
[Result "1/2-1/2"]
[WhiteElo "2230"]
[BlackElo "2167"]
[PlyCount "35"]
[GameId "2160767909296888"]
[EventDate "2013.08.03"]
[EventType "swiss"]
[EventRounds "6"]
[EventCountry "CAN"]
[SourceTitle "EXT 2022"]
[Source "ChessBase"]
[SourceDate "2021.10.06"]
[SourceVersion "1"]
[SourceVersionDate "2021.10.06"]
[SourceQuality "1"]

1. e4 c5 2. Nf3 d6 3. d4 cxd4 4. Nxd4 Nf6 5. Nc3 a6 6. Bg5 Nbd7 7. Bc4 Qb6 8. Bb3 e6 9. Qd2 Be7 10. O-O-O O-O 11. f3 Nc5 12. g4 Qc7 13. h4 b5 14. h5 b4 15. Nce2 Nfxe4 16. fxe4 Nxe4 17. Qe1 Bxg5+ 18. Kb1 1/2-1/2

[Event "British Columbia Day op"]
[Site "Vancouver CAN"]
[Date "2013.08.04"]
[Round "4"]
[White "Sohal, Tanraj"]
[Black "Pechisker, Alfred"]
[Result "1-0"]
[WhiteElo "2230"]
[BlackElo "2287"]
[PlyCount "81"]
[GameId "2160767909296889"]
[EventDate "2013.08.03"]
[EventType "swiss"]
[EventRounds "6"]
[EventCountry "CAN"]
[SourceTitle "EXT 2022"]
[Source "ChessBase"]
[SourceDate "2021.10.06"]
[SourceVersion "1"]
[SourceVersionDate "2021.10.06"]
[SourceQuality "1"]

1. d4 Nf6 2. c4 c5 3. d5 b5 4. Qc2 e6 5. e4 bxc4 6. Bxc4 exd5 7. exd5 d6 8. Ne2 g6 9. O-O Bg7 10. Nbc3 O-O 11. Bf4 Nh5 12. Be3 Nd7 13. Nf4 Nxf4 14. Bxf4 Ne5 15. Be2 Bf5 16. Qd2 Rb8 17. b3 Rb4 18. Be3 Re8 19. Rac1 Bg4 20. Nd1 Bxe2 21. Qxe2 f5 22. Bd2 Rh4 23. h3 f4 24. f3 Nf7 25. Qb5 a6 26. Qxa6 Ng5 27. Nf2 Bd4 28. Rfe1 Rf8 29. Kf1 Rh5 30. Ne4 Nxe4 31. Rxe4 Re5 32. Rxe5 dxe5 33. b4 Qxd5 34. Qc4 Qxc4+ 35. Rxc4 cxb4 36. Bxb4 Ra8 37. a3 Kf7 38. Ke2 Ke6 39. Kd3 Bb2 40. Rc6+ Kd5 41. Rd6# 1-0

[Event "British Columbia Day op"]
[Site "Vancouver CAN"]
[Date "2013.08.04"]
[Round "4"]
[White "Villavieja, Butch"]
[Black "Cheng, Jack"]
[Result "0-1"]
[WhiteElo "2230"]
[BlackElo "2250"]
[PlyCount "89"]
[GameId "2160767909296890"]
[EventDate "2013.08.03"]
[EventType "swiss"]
[EventRounds "6"]
[EventCountry "CAN"]
[SourceTitle "EXT 2022"]
[Source "ChessBase"]
[SourceDate "2021.10.06"]
[SourceVersion "1"]
[SourceVersionDate "2021.10.06"]
[SourceQuality "1"]

1. e4 e5 2. Nf3 Nc6 3. Bb5 a6 4. Ba4 Nf6 5. O-O b5 6. Bb3 Bb7 7. c3 Nxe4 8. Re1 Nc5 9. Nxe5 Nxe5 10. Rxe5+ Ne6 11. d4 Bd6 12. Rh5 O-O 13. Bc2 g6 14. Qg4 Qe7 15. Re5 Bxe5 16. dxe5 Ng7 17. Bh6 Qxe5 18. Nd2 Rfe8 19. Nf3 Bxf3 20. gxf3 Qh5 21. Qxh5 Nxh5 22. h4 d5 23. Kf1 Rad8 24. Bg5 f6 25. Bh6 Ng7 26. a4 Ra8 27. Bf4 Ne6 28. Be3 Kg7 29. b4 c6 30. Rd1 f5 31. f4 Kf6 32. Kg2 h6 33. Kf3 g5 34. h5 gxf4 35. Bc1 Rad8 36. a5 Rg8 37. Bb2 Rg4 38. c4+ d4 39. cxb5 Ng5+ 40. Ke2 f3+ 41. Kd2 cxb5 42. Kc1 Ke5 43. Kb1 Rg2 44. Bc1 Rxf2 45. Bd3 0-1

[Event "British Columbia Day op"]
[Site "Vancouver CAN"]
[Date "2013.08.05"]
[Round "5"]
[White "Chan, James"]
[Black "Soliven, Joe"]
[Result "0-1"]
[WhiteElo "2167"]
[BlackElo "2036"]
[PlyCount "88"]
[GameId "2160767909296891"]
[EventDate "2013.08.03"]
[EventType "swiss"]
[EventRounds "6"]
[EventCountry "CAN"]
[SourceTitle "EXT 2022"]
[Source "ChessBase"]
[SourceDate "2021.10.06"]
[SourceVersion "1"]
[SourceVersionDate "2021.10.06"]
[SourceQuality "1"]

1. e4 c5 2. Nf3 d6 3. d4 cxd4 4. Nxd4 Nf6 5. Nc3 a6 6. Bg5 h6 7. Bxf6 gxf6 8. Qh5 Qb6 9. O-O-O e6 10. Bc4 Qc5 11. Bd5 Bd7 12. Nf5 Nc6 13. Bb3 Ne5 14. f4 Ng6 15. Ng3 Nxf4 16. Qf3 h5 17. Kb1 Bh6 18. Nce2 Qe5 19. Nxf4 Bxf4 20. Ne2 Bh6 21. Rhf1 Bg5 22. g3 h4 23. Nf4 hxg3 24. Nd3 Qa5 25. Qxg3 Qb6 26. e5 O-O-O 27. exf6 Rdg8 28. Qf2 Be3 29. Qe2 Rh4 30. Rf3 Bh6 31. Rg3 Rh8 32. h3 Qd4 33. Nf2 Qe5 34. Qxe5 dxe5 35. Ng4 Bf4 36. Rc3+ Bc6 37. Nf2 Kb8 38. Bc4 e4 39. Bxa6 e3 40. Nd3 e2 41. Re1 Bd2 42. Rb3 Bxe1 43. Nxe1 Rxh3 44. Bxe2 Rh1 0-1

[Event "British Columbia Day op"]
[Site "Vancouver CAN"]
[Date "2013.08.05"]
[Round "5"]
[White "Su, Michael"]
[Black "Villavieja, Butch"]
[Result "0-1"]
[WhiteElo "1850"]
[BlackElo "2230"]
[PlyCount "80"]
[GameId "2160767909296892"]
[EventDate "2013.08.03"]
[EventType "swiss"]
[EventRounds "6"]
[EventCountry "CAN"]
[SourceTitle "EXT 2022"]
[Source "ChessBase"]
[SourceDate "2021.10.06"]
[SourceVersion "1"]
[SourceVersionDate "2021.10.06"]
[SourceQuality "1"]

1. d4 Nf6 2. c4 g6 3. Nc3 Bg7 4. e4 d6 5. f3 O-O 6. Be3 a6 7. Nge2 c5 8. dxc5 dxc5 9. Bxc5 Nc6 10. Qxd8 Rxd8 11. Nd5 e6 12. Ne7+ Nxe7 13. Bxe7 Rd7 14. Bb4 b6 15. Bc3 Bb7 16. Rd1 Rxd1+ 17. Kxd1 Rc8 18. b3 b5 19. Ng3 h5 20. Bxf6 Bxf6 21. cxb5 Bg5 22. Bd3 axb5 23. h4 Bh6 24. Ne2 b4 25. f4 Ra8 26. Bb1 Ba6 27. g3 Rd8+ 28. Ke1 e5 29. Rg1 Kh8 30. fxe5 Rd2 31. Nf4 Bxf4 32. gxf4 Rb2 33. f5 Rxb1+ 34. Kf2 Rxg1 35. Kxg1 gxf5 36. exf5 Bd3 37. f6 Bb1 38. Kf2 Bxa2 39. Ke3 Bxb3 40. Kd4 Be6 0-1

[Event "British Columbia Day op"]
[Site "Vancouver CAN"]
[Date "2013.08.05"]
[Round "6"]
[White "Cheng, Jack"]
[Black "Rodriguez, Carlos"]
[Result "1-0"]
[WhiteElo "2250"]
[BlackElo "2162"]
[PlyCount "43"]
[GameId "2160767909296893"]
[EventDate "2013.08.03"]
[EventType "swiss"]
[EventRounds "6"]
[EventCountry "CAN"]
[SourceTitle "EXT 2022"]
[Source "ChessBase"]
[SourceDate "2021.10.06"]
[SourceVersion "1"]
[SourceVersionDate "2021.10.06"]
[SourceQuality "1"]

1. e4 c5 2. Nf3 Nc6 3. d4 cxd4 4. Nxd4 Nf6 5. Nc3 g6 6. Nxc6 bxc6 7. e5 Nd5 8. Nxd5 cxd5 9. Qxd5 Rb8 10. e6 f6 11. Bf4 Rb6 12. Bb5 Rxe6+ 13. Qxe6 Qa5+ 14. Bd2 Qxb5 15. Qb3 Qc6 16. O-O-O Qxg2 17. f3 Bg7 18. Bb4 e6 19. Rhe1 Qxh2 20. Rxe6+ dxe6 21. Qa4+ Kf7 22. Qxa7+ 1-0

[Event "British Columbia Day op"]
[Site "Vancouver CAN"]
[Date "2013.08.05"]
[Round "6"]
[White "Pechisker, Alfred"]
[Black "Chan, James"]
[Result "1-0"]
[WhiteElo "2287"]
[BlackElo "2167"]
[PlyCount "83"]
[GameId "2160767909296894"]
[EventDate "2013.08.03"]
[EventType "swiss"]
[EventRounds "6"]
[EventCountry "CAN"]
[SourceTitle "EXT 2022"]
[Source "ChessBase"]
[SourceDate "2021.10.06"]
[SourceVersion "1"]
[SourceVersionDate "2021.10.06"]
[SourceQuality "1"]

1. d4 d5 2. c4 c6 3. Nf3 Nf6 4. e3 a6 5. c5 g6 6. b4 Bg4 7. Bb2 Bg7 8. h3 Bxf3 9. gxf3 O-O 10. Nd2 Nfd7 11. f4 b6 12. h4 bxc5 13. bxc5 Nxc5 14. h5 Qa5 15. hxg6 hxg6 16. Rc1 Ne4 17. Rc2 Nd7 18. Bd3 Ndf6 19. f5 Rab8 20. fxg6 fxg6 21. Bc1 c5 22. dxc5 d4 23. Bc4+ Rf7 24. exd4 Nc3 25. Bxf7+ Kxf7 26. Qf3 Ncd5 27. Qg3 Rg8 28. Kf1 Qa4 29. Nb3 Qc6 30. Rg1 Bh8 31. Qf3 a5 32. Bd2 a4 33. Na5 Qb5+ 34. Kg2 g5 35. Nc4 g4 36. Qf5 g3 37. Ne5+ Kf8 38. c6 gxf2+ 39. Kxf2 Rxg1 40. Kxg1 Qb1+ 41. Kg2 Qd1 42. Bh6+ 1-0

[Event "British Columbia Day op"]
[Site "Vancouver CAN"]
[Date "2013.08.05"]
[Round "6"]
[White "Sohal, Tanraj"]
[Black "Villavieja, Butch"]
[Result "1-0"]
[WhiteElo "2230"]
[BlackElo "2230"]
[PlyCount "79"]
[GameId "2160767909296895"]
[EventDate "2013.08.03"]
[EventType "swiss"]
[EventRounds "6"]
[EventCountry "CAN"]
[SourceTitle "EXT 2022"]
[Source "ChessBase"]
[SourceDate "2021.10.06"]
[SourceVersion "1"]
[SourceVersionDate "2021.10.06"]
[SourceQuality "1"]

1. d4 Nf6 2. c4 g6 3. Nc3 Bg7 4. e4 d6 5. Nf3 O-O 6. Be2 Na6 7. O-O e5 8. Be3 Ng4 9. Bg5 Qe8 10. dxe5 h6 11. Bd2 dxe5 12. Qc1 Kh7 13. Ne1 c6 14. Nc2 Qe7 15. Rb1 Qh4 16. h3 Nf6 17. f4 Ng8 18. f5 Qe7 19. g4 gxf5 20. gxf5 Rd8 21. b4 Bd7 22. c5 Be8 23. Kh2 Rd7 24. Be3 Rad8 25. Na3 b5 26. cxb6 Nxb4 27. bxa7 c5 28. Nc2 Nd3 29. Bxd3 Rxd3 30. Ne1 Rxe3 31. Qxe3 Qxa7 32. Nf3 Nf6 33. Rbd1 Rd4 34. Rg1 Rxd1 35. Rxd1 Bc6 36. Nd5 Qxa2+ 37. Rd2 Qc4 38. Nxf6+ Bxf6 39. Rd6 Qc2+ 40. Kg3 1-0